Hot drinks - Australia.

Bibliographic Details
Format: Book
Published: London: Euromonitor International, 2008.
Series:Euromonitor International : Market report
Subjects:
LEADER 00550cam a2200169 7i4500
001 0000022602
005 20090421090000.0
090 0 0 |a ASTL 641.2   |b HOT 
245 0 0 |a Hot drinks - Australia. 
260 0 0 |a London:   |b Euromonitor International,   |c 2008. 
300 # # |a [v.p]. 
440 0 0 |a Euromonitor International : Market report 
650 0 0 |a Tea --   |x Markets --   |z Australia  
650 0 0 |a Hot drinks --   |x Markets --   |z Australia  
650 0 0 |a Coffee --   |x Markets --   |z Australia  
651 0 0 |a Australia  
999 |a B000024544  |b Book  |c Countries  |e Business Information Centre